Statistics for Harry Potter characters real names

Click here to take the quiz!

General Stats

  • This quiz has been taken 54 times
  • The average score is 10 of 15

Answer Stats

CharacterAnswer% Correct
Hermione GrangerEmma Watson
100%
Harry PotterDaniel Radcliffe
98%
Ron WeasleyRupert Grint
93%
SnapeAlan Rickman
88%
Draco MalfoyTom Felton
88%
George WeasleyOliver Phelps
70%
Luna LovegoodEvanna Lynch
67%
Sirius BlackGary Oldman
60%
Fred WeasleyJames Phelps
60%
Albus DumbledoreMichael Gambon
56%
VoldermortRalph Fiennes
56%
Molly WeasleyJulie Walters
53%
Nevile LongbottomMatthew Lewis
53%
Arthur WeasleyMark Williams
21%
Argus FiltchDavid Bradley
19%

Score Distribution

Percentile by Number Answered

Percent of People with Each Score

Your Score History

You have not taken this quiz